00786nam a2200181 a 4500003000200000005001700002008004100019050002700060100002600087245013700113260009200250300004000342504004100382650004500423650004800468650005600516650003200572020250412100913.0970101s19uu xx 00 eng d aPGS SF 433b.L425 2004 aLaxa, Andrew Cardino. aThe effects of having a dog as a pet on the Grade 7 students of Southville International School and Colleges /cAndrew Cardino Laxa. aLas Piñas City, Philippines : bSouthville International School and Colleges,c2004. a21 pages :billustrations ;c28 cm. aIncludes bibliographical references. aDogsvPsychological effect on children.  aPet ownershipvEffect on Grade 7 students.  aChildren and animalsvSocial and emotional effects. aPetsvPsychological aspects